00293nam a2200121Ia 4500008004100000100002700041245001900068260004000087300000800127650001200135942000700147999001700154190216s9999||||xx |||||||||||||| ||und|| aThunjathu Ezhuthachan 0aBheeshmaparvam b"House Of Knowledge, Trichur"c1967 a86p aKavitha cBK c25746d25746